European employment and industrial relations glossary : Portugal

Αποθηκεύτηκε σε:
Λεπτομέρειες βιβλιογραφικής εγγραφής
Κύριος συγγραφέας: Pinto, Mario
Συγγραφή απο Οργανισμό/Αρχή: European Foundation for the Improvement of Living and Working Conditions
Άλλοι συγγραφείς: Martins, Pedro Furtado, Carvalho, Antonio Nunes de
Μορφή: Βιβλίο
Γλώσσα:English
Δημοσίευση: London : Luxenbourg : Sweet & Maxwell, Office for Official Publications of the European Communities, 1996
Σειρά:European employment and industrial relations glossary series
Θέματα:
Ετικέτες: Προσθήκη ετικέτας
Δεν υπάρχουν, Καταχωρήστε ετικέτα πρώτοι!

MARC

LEADER 00000nam a2200000 i 4500
001 1/70492
008 990225s1996 eng d
020 |a 0-421-44810-5 
035 |l 10048114 
040 |a GR-MY-UA  |b gre  |e aacr 
041 0 |a eng 
082 0 |a 331.109469 
100 1 |a Pinto, Mario. 
245 1 0 |a European employment and industrial relations glossary :  |b Portugal /  |c by Mario Pinto, Pedro Furtado Martins and Antonio Nunes de Carvalho 
260 |a London :   |a Luxenbourg :   |b Sweet & Maxwell,   |b Office for Official Publications of the European Communities,   |c 1996 
300 |a 299 p. 
490 1 |a European employment and industrial relations glossary series 
500 |a Glossary terms and indexes in English and Portoguse; text in English 
500 |a At head of title: European Foundation for the Improuvement of living and Working COnditions 
504 |a Includes bibliographical references (p. 257-258) and indexes 
650 0 0 |a Labor  |z Portugal  |x Dictionaries. 
650 0 0 |a Industrial relations  |z Portugal  |x Dictionaries. 
650 0 0 |a Labor laws and legislation  |z Portugal  |x Dictionaries. 
650 0 0 |a Portuguese language  |x Dictionaries  |x English. 
700 1 |a Martins, Pedro Furtado. 
700 1 |a Carvalho, Antonio Nunes de. 
710 2 |a European Foundation for the Improvement of Living and Working Conditions. 
830 0 |a European employment and industrial relations glossary series 
852 |a INST  |b LESVOS  |e 19990225  |h 103/TK  |p 005100016877  |q 005100016877  |t REF  |y 23 
901 |a BIBL-1999-1 
909 |a Λ  |b 061250 
922 |a 1ΕΛΗ  |b 199811  |c ΚΠΣ/ΤΚ  |d ΠΑΠΑΣΩΤΗΡΙΟΥ 
950 |a 103-1998-07-27